The Kings Majesties declaration from Carisbrook Castle in the Isle of Wight, : to all his loyall and faithfull subjects within his realms and dominions, concerning a personal treaty with his two houses of Parliament at VVestminster; as also, concerning the Scots who have entred England, and his desire to sacrifice all but conscience and honour, to settle the peace and unity of his distressed people. /

Bibliographic Details
Corporate Author: England and Wales. Sovereign (1625-1649 : Charles I)
Format: eBook
Language:English
Published: Imprinted at London, : for G. VVharton, 1648.
Series:Early English books online.
Subjects:
Online Access:Connect to the full text of this electronic book

MARC

Tag First Indicator Second Indicator Subfields
LEADER 00000nam a2200000Ia 4500
001 in00004310121
005 20200813084826.0
006 m g d
007 cr bn |||a|bb|
008 021018s1648 enk o 000 0 eng d
035 |a (OCoLC)50805829 
040 |a EAE  |c EAE  |e dcrb 
037 |a CL0051000003  |b ProQuest Information and Learning, 300 N. Zeeb Rd., Ann Arbor, MI 48106-1346 
043 |a e-uk--- 
049 |a UMIA 
110 1 |a England and Wales.  |b Sovereign (1625-1649 : Charles I) 
245 1 4 |a The Kings Majesties declaration from Carisbrook Castle in the Isle of Wight, :  |b to all his loyall and faithfull subjects within his realms and dominions, concerning a personal treaty with his two houses of Parliament at VVestminster; as also, concerning the Scots who have entred England, and his desire to sacrifice all but conscience and honour, to settle the peace and unity of his distressed people. /  |c VVritten with his Majesties own hand, and signed. Charles Rex. 
260 |a Imprinted at London, :  |b for G. VVharton,  |c 1648. 
300 |a 1 online resource ([2], 6 pages) 
336 |a text  |b txt  |2 rdacontent 
337 |a computer  |b c  |2 rdamedia 
338 |a online resource  |b cr  |2 rdacarrier 
500 |a Reproduction of original in: British Library. 
510 4 |a Wing (CD-ROM, 1996)  |c C2205 
510 4 |a Thomason  |c E.456[25] 
533 |a Electronic reproduction.  |b Ann Arbor, Mich. :  |c UMI,  |d 1999-  |f (Early English books online)  |n Digital version of: (Thomason Tracts ; 72:E456[25])  |7 s1999 miun s 
600 0 0 |a Charles  |b I,  |c King of England,  |d 1600-1649. 
651 0 |a Great Britain  |x History  |y Civil War, 1642-1649  |v Sources. 
830 0 |a Early English books online. 
856 4 0 |u http://proxy.library.tamu.edu/login?url=https://search.proquest.com/docview/2248527281  |z Connect to the full text of this electronic book  |t 0 
994 |a 02  |b EAE 
999 f f |s 89bf6915-3483-36ac-96ec-7e306a081539  |i ec027798-bf61-3ddb-8394-a7d74835a0e7  |t 0 
952 f f |a Texas A&M University  |b College Station  |c Electronic Resources  |d Available Online  |t 0  |h No information provided 
998 f f |t 0  |l Available Online